Kevin Who? Quiz Stats

 Plays Quiz Updated Sep 6, 2018

Score 0/12 Timer 04:00
5 Plays Today
% Correct
Kevin James
93%
Kevin Costner
88.8%
Kevin Bacon
88.7%
Kevin Sorbo
87.6%
Kevin Hart
86.6%
Kevin Dillon
78.6%
Kevin Kline
76%
Kevin McKidd
69.6%
Kevin Nealon
64.8%
Kevin Durand
61.4%
Kevin Conroy
60.9%
Kevin Pollak
57.2%

You're not logged in!

Compare scores with friends on all Sporcle quizzes.
OR
Log In

Show Comments

Extras

Top Quizzes Today


Score Distribution

Your Account Isn't Verified!

In order to create a playlist on Sporcle, you need to verify the email address you used during registration. Go to your Sporcle Settings to finish the process.

Report this User

Report this user for behavior that violates our Community Guidelines.

Details: